L'entretien : Techniques et pratiques (notice n° 2164461)

détails MARC
000 -LEADER
fixed length control field 01530cam a2200133 4500500
005 - DATE AND TIME OF LATEST TRANSACTION
control field 20260405040730.0
041 ## - LANGUAGE CODE
Language code of text/sound track or separate title fre
042 ## - AUTHENTICATION CODE
Authentication code dc
100 10 - MAIN ENTRY--PERSONAL NAME
Personal name Guittet, André
Relator term author
245 00 - TITLE STATEMENT
Title L'entretien : Techniques et pratiques
260 ## - PUBLICATION, DISTRIBUTION, ETC.
Name of publisher, distributor, etc. Armand Colin,<br/>
Date of publication, distribution, etc. 2013.<br/>
520 ## - SUMMARY, ETC.
Summary, etc. L’entretien est un outil indispensable de recherche et de traitement de l’information dans nombre de situations sociales. Tout échange interpersonnel s’inscrit dans une tentative pour ajuster des règles relationnelles et donner un sens à la rencontre. À chaque instant dans l’interaction, ce qui est mis en jeu avec plus ou moins de force ce sont les images, les émotions, les idées, les statuts, la sécurité de chacun des deux protagonistes. Saisir les enjeux de l’échange, observer les comportements, ressentir les émotions, les intentions de nos interlocuteurs nous aident à mieux vivre nos relations. Cette 8e édition réactualisée expose les différentes techniques et méthodes à utiliser pour gagner en efficacité. Les processus suivants sont traités : interagir, enquêter, réguler, écouter, influencer, décider, évaluer, négocier, recruter, conseiller, auditer. Au final, l’étudiant en psychologie et/ou en communication, le responsable, le formateur, trouveront ici les concepts, les savoir-faire indispensables pour développer leurs capacités d’observation, d’écoute et d’intervention.
856 41 - ELECTRONIC LOCATION AND ACCESS
Uniform Resource Identifier <a href="https://shs.cairn.info/l-entretien--9782200286088?lang=fr&redirect-ssocas=7080">https://shs.cairn.info/l-entretien--9782200286088?lang=fr&redirect-ssocas=7080</a>

Pas d'exemplaire disponible.

PLUDOC

PLUDOC est la plateforme unique et centralisée de gestion des bibliothèques physiques et numériques de Guinée administré par le CEDUST. Elle est la plus grande base de données de ressources documentaires pour les Étudiants, Enseignants chercheurs et Chercheurs de Guinée.

Adresse

627 919 101/664 919 101

25 boulevard du commerce
Kaloum, Conakry, Guinée

Réseaux sociaux

Powered by Netsen Group @ 2025